Medaliści Mistrzostw Świata w skokach narciarskich - Statystyki

Ogólne statystyki
  • Ten quiz został rozwiązany 122 razy
  • Średni wynik to 91 z 204
Statystyki odpowiedzi
Rok Miejsce Zawodnik % Poprawnych
2017 3 Piotr Żyła
98%
2021 1 Piotr Żyła
98%
2023 1 Piotr Żyła
98%
2019 1 Dawid Kubacki
97%
2023 3 Dawid Kubacki
97%
2013 1 Kamil Stoch
97%
2019 2 Kamil Stoch
97%
2001 2 Adam Małysz
95%
2001 1 Adam Małysz
95%
2003 1 Adam Małysz
95%
2003 1 Adam Małysz
95%
2007 1 Adam Małysz
95%
2011 3 Adam Małysz
95%
2013 3 Peter Prevc
95%
2013 2 Peter Prevc
95%
2025 1 Domen Prevc
94%
2007 1 Simon Ammann
92%
2007 2 Simon Ammann
92%
2009 3 Simon Ammann
92%
2011 3 Simon Ammann
92%
2023 2 Ryōyū Kobayashi
91%
2025 3 Ryōyū Kobayashi
91%
1997 1 Janne Ahonen
90%
2001 3 Janne Ahonen
90%
2005 3 Janne Ahonen
90%
2005 1 Janne Ahonen
90%
2015 3 Stefan Kraft
90%
2017 1 Stefan Kraft
90%
2017 1 Stefan Kraft
90%
2019 3 Stefan Kraft
90%
2021 1 Stefan Kraft
90%
2017 2 Andreas Wellinger
86%
2017 2 Andreas Wellinger
86%
2023 2 Andreas Wellinger
86%
2025 2 Andreas Wellinger
86%
2019 2 Karl Geiger
85%
2021 2 Karl Geiger
85%
2021 3 Karl Geiger
85%
2023 3 Karl Geiger
85%
2007 3 Thomas Morgenstern
83%
2011 1 Thomas Morgenstern
83%
2011 2 Thomas Morgenstern
83%
2003 3 Noriaki Kasai
82%
2003 3 Noriaki Kasai
82%
2025 3 Jan Höerl
80%
2025 2 Jan Höerl
80%
2005 2 Jakub Janda
78%
2005 3 Jakub Janda
78%
2023 1 Timi Zajc
78%
2021 3 Anže Lanišek
77%
2009 2 Gregor Schlierenzauer
77%
2011 1 Gregor Schlierenzauer
77%
2013 2 Gregor Schlierenzauer
77%
2015 2 Gregor Schlierenzauer
77%
2015 2 Severin Freund
76%
2015 1 Severin Freund
76%
1982 1 Matti Nykänen
74%
1985 3 Matti Nykänen
74%
1987 2 Matti Nykänen
74%
1989 3 Matti Nykänen
74%
1999 1 Martin Schmitt
73%
2001 1 Martin Schmitt
73%
2001 2 Martin Schmitt
73%
2009 2 Martin Schmitt
73%
2025 1 Marius Lindvik
72%
1999 1 Kazuyoshi Funaki
69%
2019 3 Killian Peier
69%
2021 2 Robert Johansson
69%
2013 1 Anders Bardal
68%
1929 2 Kristian Johansson
68%
1934 1 Kristian Johansson
68%
2017 3 Markus Eisenbichler
66%
2019 1 Markus Eisenbichler
66%
1993 3 Andreas Goldberger
63%
1993 2 Andreas Goldberger
63%
1995 2 Andreas Goldberger
63%
1997 3 Andreas Goldberger
63%
1993 1 Masahiko Harada
63%
1997 2 Masahiko Harada
63%
1997 1 Masahiko Harada
63%
1999 3 Masahiko Harada
63%
2015 1 Rune Velta
60%
2015 3 Rune Velta
60%
2011 2 Andreas Kofler
58%
1978 3 Falko Weißflog
58%
1985 1 Jens Weißflog
58%
1989 2 Jens Weißflog
58%
1989 1 Jens Weißflog
58%
1991 3 Jens Weißflog
58%
1995 3 Jens Weißflog
58%
1999 2 Sven Hannawald
58%
2009 1 Andreas Küttel
56%
2003 2 Matti Hautamäki
55%
2009 1 Wolfgang Loitzl
52%
1938 2 Stanisław Marusarz
51%
2009 3 Anders Jacobsen
50%
2013 3 Anders Jacobsen
50%
2007 2 Harri Olli
49%
2005 1 Rok Benkovič
49%
2005 2 Roar Ljøkelsøy
48%
2007 3 Roar Ljøkelsøy
48%
1995 1 Takanobu Okabe
44%
1993 1 Espen Bredesen
42%
1995 1 Tommy Ingebrigtsen
39%
2003 2 Tommy Ingebrigtsen
39%
1938 1 Asbjørn Ruud
38%
1931 1 Birger Ruud
38%
1935 1 Birger Ruud
38%
1937 1 Birger Ruud
38%
1939 2 Birger Ruud
38%
1929 1 Sigmund Ruud
38%
1930 3 Sigmund Ruud
38%
1997 2 Dieter Thoma
36%
1999 3 Hideharu Miyahira
36%
1999 2 Hideharu Miyahira
36%
1989 2 Ari-Pekka Nikkola
34%
1991 3 Ari-Pekka Nikkola
34%
1993 2 Jaroslav Sakala
34%
1993 3 Jaroslav Sakala
34%
1982 1 Armin Kogler
32%
1982 3 Armin Kogler
32%
2001 3 Martin Höllwarth
32%
1985 2 Andreas Felder
30%
1987 1 Andreas Felder
30%
1970 2 Jiří Raška
28%
1989 3 Heinz Kuttin
24%
1991 1 Heinz Kuttin
24%
1970 2 Yukio Kasaya
24%
1974 1 Hans-Georg Aschenbach
20%
1974 1 Hans-Georg Aschenbach
20%
1987 3 Ernst Vettori
19%
1964 2 Antoni Łaciak
18%
1987 2 Vegard Opaas
18%
1987 3 Vegard Opaas
18%
1997 3 Sylvain Freiholz
16%
1987 1 Jiří Parma
15%
1939 1 Josef Bradl
15%
1958 3 Helmut Recknagel
13%
1964 3 Helmut Recknagel
13%
1964 1 Helmut Recknagel
13%
1964 2 Nikołaj Kamienski
13%
1970 3 Stanisław Gąsienica-Daniel
13%
1995 2 Hiroya Saitō
11%
1991 1 Franci Petek
10%
1970 1 Garij Napałkow
10%
1970 1 Garij Napałkow
10%
1982 2 Jari Puikkonen
9%
1985 2 Jari Puikkonen
9%
1989 1 Jari Puikkonen
9%
1995 3 Mika Laitinen
8%
1935 3 Alf Andersen
7%
1930 1 Gunnar Andersen
7%
1930 2 Reidar Andersen
7%
1935 2 Reidar Andersen
7%
1937 2 Reidar Andersen
7%
1991 2 Kent Johanssen
6%
1925 1 Willen Dick
6%
1927 2 Willen Dick
6%
1978 2 Henry Glaß
3%
1926 2 Otto Aasen
2%
1933 2 Rudolf Burkert
2%
1964 1 Toralf Engan
2%
1927 1 Tore Edman
2%
1974 3 Aleksiej Borowitin
1%
1978 3 Aleksiej Borowitin
1%
1978 2 Alois Lipburger
1%
1934 2 Arne Hovde
1%
1950 3 Arnfinn Bergmann
1%
1939 3 Arnholdt Kongsgård
1%
1927 3 Bertil Carlsson
1%
1954 3 Bror Östman
1%
1958 2 Ensio Hyytiä
1%
1925 3 František Wende
1%
1931 2 Fritz Kaufmann
1%
1926 3 Georg Østerholt
1%
1950 1 Hans Bjørnstad
1%
1929 3 Hans Kleppen
1%
1974 2 Heinz Wosipiwo
1%
1925 2 Henry Ljungmann
1%
1938 3 Hilmar Myhra
1%
1926 1 Jacob Tullin Thams
1%
1958 1 Juhani Kärkinen
1%
1970 3 Lars Grini
1%
1941 2 Leo Laakso
1%
1933 1 Marcel Reymond
1%
1978 1 Matthias Buse
1%
1954 1 Matti Pietikäinen
1%
1964 3 Niilo Halonen
1%
1982 2 Olav Hansson
1%
1982 3 Ole Bremseth
1%
1941 1 Paavo Vierto
1%
1985 3 Per Bergerud
1%
1985 1 Per Bergerud
1%
1974 3 Rudolf Höhnl
1%
1991 2 Rune Olijnyk
1%
1937 3 Sigurd Sollid
1%
1931 3 Sven Selånger
1%
1933 3 Sven Selånger
1%
1934 3 Sven Selånger
1%
1941 3 Sven Selånger
1%
1950 2 Thure Lindgren
1%
1954 2 Veikko Heinonen
1%
1974 2 Dietrich Kampf
0%
1978 1 Tapio Räisänen
0%
Nie znaleziono quizów pasujących do podanych kryteriów
Rozkład punktacji
Procent ludzi z każdym wynikiem
Percentyl według liczby udzielonych odpowiedzi
Twoja historia wyników
Nie rozwiązałeś tego quizu